书目信息 |
| 题名: |
21世纪两岸广播电视发展趋势研究
|
|
| 作者: | 袁军 蔡念中 | |
| 分册: | ||
| 出版信息: | 北京 华夏出版社 2000 |
|
| 页数: | ||
| 开本: | 26cm | |
| 丛书名: | ||
| 单 册: | ||
| 中图分类: | G2 | |
| 科图分类: | ||
| 主题词: | 信息 , 知识--传播 | |
| 电子资源: | ||
| ISBN: | 7-5080-2242-4 | |
| 000 | 00579nam0 2200193 450 | |
| 001 | 0734081268 | |
| 005 | 20071007092801.28 | |
| 010 | @a7-5080-2242-4 | |
| 100 | @a20071007d km y0chiy0120 ea | |
| 101 | 0 | @achi |
| 200 | 1 | @a21世纪两岸广播电视发展趋势研究@A21 shi ji liang an guang bo dian shi fa zhan qu shi yan jiu@f袁军 蔡念中@Fyuan jun cai nian zhong |
| 210 | @a北京@c华夏出版社@d2000 | |
| 215 | @d26cm | |
| 606 | 0 | @a信息 |
| 606 | 0 | @a知识@x传播 |
| 690 | @aG2@v3 | |
| 701 | 0 | @a袁军 蔡念中@Ayuan jun cai nian zhong |
| 801 | 0 | @aCN@bPFT@c20071007 |
| 905 | @a213230@dG2@ea1@f1 | |
| 21世纪两岸广播电视发展趋势研究/袁军 蔡念中.-北京:华夏出版社,2000 |
| 26cm |
| ISBN 7-5080-2242-4: |
| ● |
| 相关链接 |
|
|
|
|
正题名:21世纪两岸广播电视发展趋势研究
索取号:G2/a1
 
预约/预借
| 序号 | 登录号 | 条形码 | 馆藏地/架位号 | 状态 | 备注 |
| 1 | 7505585 | 275055850 | 密集书库-史法系/ [索取号:G2/a1] | 在馆 |